000 00770nam a22001937a 4500
005 20230928162329.0
008 s2553 th tha d
020 _a9789748579900
041 _atha
050 _aAC159 ส113ว
245 1 0 _aวันก่อนคืนเก่า [2nd]
260 3 _aกรุงเทพฯ :
_bพิมพ์คำ,
_c2553
300 _a211 หน้า :
_b ภาพประกอบ ;
_c 21 ซม.
850 _aNALT
942 _cGB
_04
997 _a37722 ฉ.1 /37723 ฉ.2
997 _c000000000062207
998 _aนางสาวชัชฎา จูฑะรักษ์
_j111
_k นางสาวพจพิณ พรมเอี่ยม
999 _c62207
_d62207